| 000 | 00545nam a2200181Ia 4500 | ||
|---|---|---|---|
| 999 |
_c22751 _d22751 |
||
| 003 | OSt | ||
| 005 | 20200212132110.0 | ||
| 008 | 190216s9999||||xx |||||||||||||| ||und|| | ||
| 040 | _coclc | ||
| 082 |
_a297.272 _bMUS/B |
||
| 100 |
_aMushtaque, Mufti Muhammed _91937 |
||
| 245 | 0 |
_a Bheekaravadavum Islamum / _c Mufti Muhammed Mushtaque |
|
| 250 | _a3rd ed. | ||
| 260 |
_bIslamic Publishing House, _aKozhikode: _c2007. |
||
| 300 | _a61p | ||
| 650 | _xIslamic History | ||
| 942 |
_cBK _2ddc _h297.272 _iMUS/B _k297.272 _mMUS/B |
||